All main Goku transformations - Statistics

General Stats
  • This quiz has been taken 96 times
  • The average score is 9 of 17
Answer Stats
First appearance Answer % Correct
Dragon Ball Z Super Saiyan
97%
Dragon Ball Z Super Saiyan 2
94%
Dragon Ball Z Super Saiyan 3
94%
Dragon Ball GT & Daima Super Saiyan 4
93%
Dragon Ball Super Super Saiyan Blue
90%
Dragon Ball Z Battle of Gods Super Saiyan God
87%
Dragon Ball Z Kaioken
86%
Dragon Ball Z Lord Slug False Super Saiyan
59%
Dragon Ball Super Mastered Ultra Instinct
54%
Dragon Ball Super Ultra Instinct Sign
30%
Dragon Ball Z Base
26%
Dragon Ball Manga True Ultra Instinct
26%
Dragon Ball Super Super Saiyan Blue Kaioken x1
22%
Dragon Ball Super Super Saiyan Blue Kaioken x10
22%
Dragon Ball Super Super Saiyan Blue Kaioken x2
22%
Dragon Ball Super Super Saiyan Blue Kaioken x20
22%
Dragon Ball Super Super Saiyan Blue Kaioken x5
22%
No matching quizzes found
Score Distribution
Percent of People with Each Score
Percentile by Number Answered
Your Score History
You have not taken this quiz